| 000 | 00584cam a2200181 4500 | ||
|---|---|---|---|
| 001 | 3577 | ||
| 005 | 20181127171523.0 | ||
| 008 | 130307s2012 bt 000 0 eng | ||
| 010 | _a 2013316367 | ||
| 020 |
_a9789993683308 _c _z |
||
| 100 |
_aPradhan, Om. _b _c _d _e _q |
||
| 245 | 0 | 0 |
_aBhutan : _bthe roar of the thunder dragon / _cLyonpo Om Pradhan. |
| 260 |
_aThimphu : _bK Media, _c2012. |
||
| 300 | _a276 p. : col. ill. ; 23 cm. | ||
| 650 |
_aBhutan --History. _v _x _y _z _2 |
||
| 650 |
_aBhutan --Kings and rulers --Biography. _v _x _y _z _2 |
||
| 650 |
_aModernism --Bhutan --History. _v _x _y _z _2 |
||
| 999 |
_c2913 _d2913 |
||